000 00658nam a22002177a 4500
003 UA-OsUOA
001 88383
007 ta
008 20121004b un ||||| |||| 00| 0 ukr d
090 _a82.09
_bВ74
942 _cBK
040 _aUA-OsUOA
_brus
_cUA-OsUOA
_dUA-OsUOA
245 _aВопросы античной литературы и классической филологии
_cОтв. ред. Грабарь-Пассек М. Е.
300 _a534 с.
955 _a1
041 _arus
080 _a82.09
260 _aМ.
_bНаука
_c1966
650 7 _a82 Література. Літературознавство
_2UDC
999 _c374469
_d374469